| 000 | 01439cam a2200325 a 4500 | ||
|---|---|---|---|
| 001 | 12223961 | ||
| 003 | EG-ScBUE | ||
| 005 | 20220403111345.0 | ||
| 008 | 001106s2001 nyu f b 000 0 eng d | ||
| 020 | _a9780815339267 | ||
| 020 | _a0815339267 (pbk.) | ||
| 040 |
_aDLC _beng _erda _cDLC _dDLC _dEG-ScBUE |
||
| 082 | 0 | 4 |
_a822.9109 _222 _bMOD |
| 245 | 0 | 0 |
_aModern dramatists : _ba casebook of the major British, Irish, and American playwrights / _cedited by Kimball King. |
| 264 | 1 |
_aNew York ; _aLondon : _bRoutledge, _c2001. |
|
| 300 |
_axx, 396 pages ; _c24 cm. |
||
| 336 |
_2rdacontent _atext _btxt |
||
| 337 |
_2rdamedia _aunmediated _bn |
||
| 338 |
_2rdacarrier _avolume _bnc |
||
| 490 | 0 |
_aGarland reference library of the humanities ; _vv. 1985. _aCasebooks on modern dramatists |
|
| 504 | _aIncludes bibliographical references. | ||
| 650 | 7 |
_aEnglish drama _xHistory and criticism _y20th century. _930393 _2BUEsh |
|
| 650 | 7 |
_aAmerican drama _xHistory and criticism _y20th century. _930394 _2BUEsh |
|
| 651 | _2BUEsh | ||
| 653 |
_cJuly2012 _bHHUUEENN |
||
| 655 |
_vReading book _934232 |
||
| 700 | 1 |
_aKing, Kimball, _eeditor. _930395 |
|
| 942 |
_2ddc _cBB |
||
| 999 |
_c16826 _d16826 |
||